000 00523nam a2200193 a 4500
001 9373
003 CO-ViMGA
008 141112s2004 ck r 000 u spa d
040 _aCO-ViMGA
_bspa
_cCO-ViMGA
082 0 4 _aR030 K52
100 1 _aKing ; Francis X.,
_910185
245 1 0 _aEnciclopedia de la mente, la magia y los misterios.
260 _aBarcelona :
_bGrijalbo,
_c1995.
300 _a255p. : il. color
650 1 4 _aENIGMAS
650 1 4 _aLO INEXPLICABLE
_910186
650 1 4 _aMISTERIO
_910187
942 _2ddc
_cBK
999 _c20898
_d20898